All US wars - Statistics

General Stats
  • This quiz has been taken 180 times
    48 since last reset
  • The average score is 26 of 113
Answer Stats
Years War % Correct
2014 - 2021 Intervention in Iraq
88%
2026-Present Iran Conflict
88%
2003 - 2011 Iraq War
88%
1941 - 1945 World War 2
85%
1775 -1783 American Revolution
82%
1955 - 1973 Vietnam War
82%
1917 - 1918 World War 1
82%
1812 - 1815 War of 1812
79%
1950 - 1953 Korean War
76%
2001 - 2021 War in Afghanistan
76%
1861 - 1865 Civil War
74%
1898 Spanish American War
71%
2014 - Present Syrian Civil War
71%
1990 - 1991 Gulf War
62%
2011 | 2015 - 2019 Intervention in Libya
62%
1846 - 1848 Mexican American War
62%
2002 - Present Intervention in Yemen
53%
1817 - 1818 1st Seminole War
47%
1835 - 1842 2nd Seminole War
47%
1855 - 1858 3rd Seminole War
44%
1983 Invasion of Grenada
44%
1899 - 1902 Philippine American War
44%
1849 - 1924 Apache Wars
41%
1776 -1795 Cherokee Wars
41%
1876 - 1877 Great Sioux War of 1876
41%
1999 Kosovo War
41%
1854 - 1856 1st Sioux War
38%
1961 Bay of Pigs
35%
1994 -1995 Intervention in Haiti
35%
2013 - 2024 Intervention in Niger
35%
1918 - 1920 Russian Civil War
35%
1801 - 1805 1st Barbary War
29%
1815 2nd Barbary War
29%
1813 - 1814 Creek War
29%
1849 -1866 Navajo Wars
29%
1992 -1995 Bosnian War
24%
1899 - 1901 Boxer Rebellion
24%
1862 Dakota War
24%
2024 - Present Gaza War
24%
1798 - 1800 Quasi War
24%
2025 US Strikes in Nigeria
24%
1992 - 1995 1st Intervention in Somali Civil War
21%
2007 - Present 2nd Intervention in Somali Civil War
21%
1967 - 1975 Cambodian Civil War
21%
1962 Cuban Missile Crisis
21%
1989 - 1990 Invasion of Panama
18%
1832 Blackhawk War
15%
1887 Crow War
15%
2025 Iran Israel War
15%
1959 - 1975 Laotian Civil War
15%
2022 - Present Russian invasion of Ukraine
15%
1810 - 1813 Tecumseh's War
15%
1857 - 1858 Utah War
15%
1946 - 1949 Greek Civil War
12%
2024 - Present Hezbollah War
12%
1785 - 1793 Northwest Indian War
12%
1859 Pig War
9%
1866 - 1868 Red Clouds War
9%
1896 - 1918 Yaqui Wars
9%
1856 - 1860 2nd Opium War
6%
1878 - 1879 Cheyenne War
6%
1979 -1990 Contra War
6%
1982 - 1984 Intervention in Lebanon
6%
1910 - 1919 Mexican Border War
6%
1899 - 1913 Moro Rebellion
6%
1877 Nez Perce War
6%
1860 Paiute War
6%
1950 - 1954 Puerto Rico Insurrection
6%
1874 - 1875 Red River War
6%
1987 - 1988 Tanker War
6%
1855 - 1858 Yakima War
6%
1898 - 1899 2nd Samoan Civil War
3%
1785 - 1795 American Algerian War
3%
1878 Bannock War
3%
2025 - Present Caribbean Naval Deployment
3%
1863 - 1865 Colorado War
3%
1965 - 1966 Dominican Civil War
3%
1890 - 1891 Ghost Dance War
3%
1960 - 1996 Guatemalan Civil War
3%
1872 - 1873 Modoc War
3%
2009 - 2016 Operation Ocean Shield
3%
1979 - 1992 Salvadoran Civil War
3%
1879 White River War
3%
1827 Winnebago War
3%
1861 - 1875 Yavapai Wars
3%
1823 Arikara War
0%
1914 - 1915 Bluff War
0%
1876 - 1877 Buffalo Hunters War
0%
1850 - 1887 California Indian Wars
0%
1847 - 1855 Cayuse War
0%
1859 - 1861 Cortina War
0%
1909 Crazy Snake's War
0%
1891 - 1893 Garza War
0%
1865 - 1870 Hualapai War
0%
1875 Las Cuevas War
0%
1912 Little Race War
0%
1858 - 1859 Mohave War
0%
2002 - 2017 Operation Freedom Eagle
0%
2019 Operation in North Korea
0%
2011 - 2017 Operation Observant Compass
0%
1838 Patriot War
0%
1958 - 1961 Permesta Rebellion
0%
1923 Posey War
0%
1865 Powder River War
0%
1855 - 1856 Puget Sound War
0%
1857 - 1861 Reform War
0%
1855 - 1856 Rogue River Wars
0%
1879 Sheepeater Indian War
0%
1864 - 1868 Snake War
0%
1959 Tibetan Rebellion
0%
1919 -1922 Turkish Revolution
0%
1879 - 1880 Victorio's War
0%
No matching quizzes found
Score Distribution
Percent of People with Each Score
Percentile by Number Answered
Your Score History
You have not taken this quiz since the last reset